| 000 | 00830nam a2200253Ia 4500 | ||
|---|---|---|---|
| 003 | OSt | ||
| 005 | 20221005103419.0 | ||
| 006 | a|||||r|||| 00| 0 | ||
| 007 | ta | ||
| 008 | 221004b |||||||| |||| 00| 0 hin d | ||
| 024 | _a31953 | ||
| 037 | _cTextual | ||
| 040 |
_aCRL _cCRL _bhin |
||
| 041 |
_2hin _ahin |
||
| 082 | _aR625x5,1, 152P2 | ||
| 100 | _aचौधरी, अर्कनाथ | ||
| 245 | 0 |
_aतर्कभाषा _b केशव मिश्र |
|
| 246 | _aTarkabhāṣhā: keshav mishra | ||
| 260 |
_aजयपुर _bजगदीश संस्कृत पुस्तकालय भारत _c2002 |
||
| 300 |
_a355पृ. _ccm. |
||
| 650 | _aधर्म | ||
| 942 |
_hR625x5,1, 152P2 _cTEXL _2cc |
||
| 999 |
_c1010037 _d1010037 |
||